000
00296nam a22001337a 4500
008
170503b xxu||||| |||| 00| 0 eng d
020
_a
9780769849027
041
_a
eng
080
_2
3 ED
_a
343
100
_a
13
101
_a
SHJ
245
_a
CAPITAL PUNISHMENT
_c
CARTER.L.E
942
_2
udc
_c
BK
999
_c
12590
_d
12590